000
nam a22 7a 4500
999
_c
233551
_d
233551
005
20170308170231.0
008
170308b xxu||||| |||| 00| 0 eng d
040
_c
.
100
_a
Canonsburg
245
_a
Ansys , Inc , Licensing Guide
_c
Canonsburg
300
_a
118 p. ;
_c
23 cm.
942
_2
ddc
_c
BK